| 000 | 00431nam a2200157Ia 4500 | ||
|---|---|---|---|
| 008 | 210716s2001 xx 000 0 und d | ||
| 020 | _a8178082896 | ||
| 041 | _aeng | ||
| 082 | _a004.6004 BRAJ | ||
| 100 | _aBray, Jennifer; Sturman, Charles F. | ||
| 245 |
_aBluetooth: concepts without cables. _bConcepts without cables. |
||
| 250 | _a1 | ||
| 260 |
_aNew Delhi _bPearson Education _c2001 |
||
| 300 | _axix,493 | ||
| 650 | _aNone | ||
| 999 |
_c184262 _d184262 |
||